Normal view
MARC view
- Raja Rohana Raja Mamat
Entry Personal Name
001 - CONTROL NUMBER
- control field: 3917
003 - CONTROL NUMBER IDENTIFIER
- control field: OSt
005 - DATE AND TIME OF LATEST TRANSACTION
- control field: 20170512113907.0
008 - FIXED-LENGTH DATA ELEMENTS
- fixed length control field: 170512|| aca||aabn | a|a d
040 ## - CATALOGING SOURCE
- Original cataloging agency: OSt
- Transcribing agency: OSt
100 ## - HEADING--PERSONAL NAME
- Personal name: Raja Rohana Raja Mamat
670 ## - SOURCE DATA FOUND
- Source citation: Work cat.: (OSt)0: Smith, J. C. (John Cyril) 3913, Undang-undang jenayah /, 1996

PORTAL AKMAL
E-MEL JKDM
AKMAL2U
G-BAM
u-PUSTAKA